000 00549cam a2200181 a 4500
020 _a0072905107
040 _cDLC
082 0 0 _a547 MCG 2000 A028 Or.
100 1 _aAtkins, Robert C.
245 1 0 _aStudy guide and solutions manual to accompany Organic chemistry, fourth edition /
260 _aBoston :
_bMcGraw-Hill,
_c2000
300 _aviii, 823 p. :
_bill. ;
_c28 cm
500 _aCarey's name appears first on the earlier edition
500 _aIncludes index
650 0 _aChemistry, Organic
700 1 _aCarey, Francis A.,
942 _cEK
999 _c12827
_d12827